000 00414nam a2200145Ia 4500
008 150201s2009 xx 000 0 und d
082 _a617.601
_bS2009L
100 _aLESAEFFRE
245 _aSTATISTICAL AND METHODOLOGICAL ASPECTS OF ORAL HEALTH RESEARCH
250 _a1ST
260 _bWILEY BLACKWELL PUBLISHING
_aU.K
_c2009
300 _a1-390
650 _aPREVENTIVE AND COMMUNITY DENTISTRY
942 _2ddc
_cBK
999 _c4765
_d4765